00350nam a2200133Ia 450000500170000000800410001702000150005808200130007310000140008624500410010026000400014130000130018150000220019420250520012948.0240331s9999 xx 000 0 und d a9552035074 bGAMa305 aGamage, K 0aPrabanda kathawen nirupitha kanthawa aColombobS. Godage & Brothersc1999 a215 p ., aWomen Based Story